College Quizbowl Stats
College Quizbowl Stats
Circuits
Seasons
Sets
Records
Detailed Stats
About
Loading...
2024 ACF Regionals @ Rutgers
Tossups
Bonuses
Players
Teams
Categories (Tossup)
Categories (Bonus)
Sam Millenbach
Rowan A
Categories
Category
Powers
Gets
Negs
BBs
Points
Earliest Buzz
Avg. Buzz
First Buzzes
Top 3 Buzzes
BPA
PVF
Fine Arts - Other
0
1
0
0
10
68
68.00
0
1
0.00
0.00
History - American
0
1
0
1
10
127
127.00
0
1
0.00
0.00
Fine Arts - Painting & Sculpture
0
0
0
0
0
0.00
0
0
0.00
0.00
Literature - British
0
0
0
0
0
0.00
0
0
0.00
0.00
Buzzes
Category
Answer
Value
Buzz Position
Fine Arts - Other
Into the Woods
10
68
History - American
1988
10
127
Fine Arts - Painting & Sculpture
Fernando Botero
0
131
Literature - British
Northanger Abbey
0
139
Previous
1
Next